| 000 | 00975nam a2200277 i 4500 | ||
|---|---|---|---|
| 001 | bg | ||
| 245 | 0 | 0 |
_aAkademia sieci Cisco CCNA : _bsemestry 1 & 2 / _cCisco Systems ; przekł. z ang. Dariusz Lipski [et al.]. |
| 246 |
_iTyt. oryg.: _aCisco Networing Academy Program CCNA 1 and 2 companion guide, 3rd ed. |
||
| 250 | _aWyd. 3. | ||
| 260 |
_aWarszawa : _b"Mikom", _c2004. |
||
| 300 |
_a1027 s. : _bil. ; _c24 cm + _eCD-ROM. |
||
| 500 | _aTyt. oryg.: "Cisco Networing Academy Program CCNA 1 and 2 companion guide, 3rd ed.". | ||
| 650 | 9 | _aSieć komputerowa | |
| 650 | 9 | _aRuter | |
| 655 | _aPodręczniki akademickie | ||
| 700 | 1 |
_aLIPSKI, Dariusz. _eTł. |
|
| 710 | 0 | _aCisco Systems | |
| 020 | _a8372794324 | ||
| 040 | _cBPK | ||
| 041 | 1 |
_apol _heng |
|
| 080 | _a004.71/.73:004.77](075.8) | ||
| 920 | _a83-7279-432-4 | ||
| 942 | _cKS | ||
| 008 | s pl f |000 0 pol | ||
| 999 |
_c45146 _d45146 |
||
| 856 |
_uhttp://koha.tu.koszalin.pl/cgi-bin/koha/opac-detail.pl?biblionumber=45146 _yKatalog online BPK |
||